| 000 | 01115nam a2200253Ia 4500 | ||
|---|---|---|---|
| 003 | OSt | ||
| 005 | 20200717170552.0 | ||
| 008 | 191128s2011 ck gr 000 0dspa d | ||
| 020 | _a9789589764893 | ||
| 040 |
_aCO-JMCR _cCO-JMCR |
||
| 041 | 0 | _aspa | |
| 082 | 0 | 4 |
_a330.9861 / _bM516p _223 |
| 100 | 1 |
_aMejía Vélez, Francisco, _eautor _97484 |
|
| 245 | 1 | 0 |
_aPara recordar : _balgunos planteamientos que dejaron huella en su momento / _cFrancisco Mejía Vélez |
| 250 | _aPrimera edición | ||
| 260 |
_aBogotá : _bColegio de Estudios Superiores de Administración Cesa, _c2011. |
||
| 300 |
_a146 páginas ; _c22 cm. |
||
| 500 | _aIncluye datos biográficos del autor en la cubierta. | ||
| 505 | 0 | _aLa devaluación y la economía colombiana -- La descentralización: una necesidad -- El Fondo Nacional del Ahorro -- Corrección monetaria -- La cuestión social -- Carta al señor Presidente Belisario Betancur Cuartas | |
| 650 | 1 | 4 |
_aEconomía colombiana _97485 |
| 650 | 2 | 4 |
_aDescentralización _xHistoria económica _zColombia _97486 |
| 650 | 2 | 4 |
_aCondiciones económicas _zColombia _96839 |
| 942 |
_2ddc _cBK |
||
| 999 |
_c5571 _d5571 |
||